| 000 | 00533nam a2200193Ia 4500 | ||
|---|---|---|---|
| 005 | 20250508162156.0 | ||
| 008 | 008 250505s9999 xx 000 0 eng d | ||
| 037 | _aBooks to be hide in OPAC | ||
| 040 |
_aFEDL _beng _cFEDL |
||
| 041 |
_aeng _2eng |
||
| 084 |
_a910, STE/O _qFEDL |
||
| 100 |
_aStembridge J H _993088 |
||
| 245 | 0 | _aWorld: A general regional geography | |
| 250 | _a3 | ||
| 260 |
_aDelhi, India _bOxford University Press |
||
| 300 | _a530p. | ||
| 942 |
_cHB _h910, STE/O |
||
| 999 |
_c1374829 _d1374829 |
||